000 01098nam a2200313 i 4500
001 000032853
003 DO-SdBNP
005 20251105112046.0
007 ta
008 091202s1947 dr r 000 0 spa d
040 _aDO-SdBNP
_bspa
_cBNPHU
_erda
082 4 _a980
_bH519h
_222
100 1 _aHenríquez Ureña, Pedro,
_d1884-1946
_eautor
_4aut.
_91718
245 1 0 _aHistoria de la cultura en la América Hispánica /
_cPedro Henríquez Ureña.
264 _aMéxico :
_bEditora Fondo de Cultura Económica,
_c1947.
300 _a171 páginas ;
_c17 cm.
336 _atexto
_btxt
_2rdacontent
337 _asin mediación
_bn
_2rdamedia
338 _avolumen
_bnc
_2rdacarrier
490 1 _aPopular
_v5
500 _aIncluye índice de nombres.
500 _aLa bibblioteca posee la decima reimpresión del 1975.
590 _aInventariado, 2018/BT
650 4 _aCultura
_xHistoria
_zAmérica Latina
_931675
651 0 _aAmérica Latina
_xCivilización
_zHistoria
_916665
651 4 _aAmérica Latina
_xHistoria
_91786
910 _aValidado. Control de calidad. MMOLINA
942 _2ddc
_cLBS1
999 _c32344
_d32344